The China-India border: (Record no. 21431)

MARC details
000 -LEADER
fixed length control field 00910cam a22003011 4500
001 - CONTROL NUMBER
control field 8451742
003 - CONTROL NUMBER IDENTIFIER
control field BDDh-ASL
005 - DATE AND TIME OF LATEST TRANSACTION
control field 20231015030008.0
008 - FIXED-LENGTH DATA ELEMENTS--GENERAL INFORMATION
fixed length control field 720919s1964 enk b 000 0 eng
010 ## - LIBRARY OF CONGRESS CONTROL NUMBER
LC control number 64002857
015 ## - NATIONAL BIBLIOGRAPHY NUMBER
National bibliography number GB64-2066
035 ## - SYSTEM CONTROL NUMBER
System control number (OCoLC)409396
040 ## - CATALOGING SOURCE
Original cataloging agency DLC
Transcribing agency ODaWU
Modifying agency OCoLC
-- Uk
-- DLC
-- BDDh-ASL
042 ## - AUTHENTICATION CODE
Authentication code premarc
050 00 - LIBRARY OF CONGRESS CALL NUMBER
Classification number DS450.C5
Item number L3 1964
082 ## - DEWEY DECIMAL CLASSIFICATION NUMBER
Classification number 327.54
Item number LAC
100 1# - MAIN ENTRY--PERSONAL NAME
Personal name Lamb, Alastair,
Dates associated with a name 1930-
245 14 - TITLE STATEMENT
Title The China-India border:
Remainder of title The Origins of the Disputed Boundaries /
260 ## - PUBLICATION, DISTRIBUTION, ETC.
Place of publication, distribution, etc. London:
-- New York:
Name of publisher, distributor, etc. Oxford University Press,
Date of publication, distribution, etc. 1964.
300 ## - PHYSICAL DESCRIPTION
Extent 192 p.
490 0# - SERIES STATEMENT
Series statement Chatham House essays,
Volume/sequential designation 2
504 ## - BIBLIOGRAPHY, ETC. NOTE
Bibliography, etc. note Bibliography: p.[183]-191.
650 #0 - SUBJECT ADDED ENTRY--TOPICAL TERM
9 (RLIN) 1531
Topical term or geographic name entry element International Relations
651 #0 - SUBJECT ADDED ENTRY--GEOGRAPHIC NAME
Geographic name China
General subdivision Boundaries
Geographic subdivision India.
651 #0 - SUBJECT ADDED ENTRY--GEOGRAPHIC NAME
Geographic name India
General subdivision Boundaries
Geographic subdivision China.
906 ## - LOCAL DATA ELEMENT F, LDF (RLIN)
a 7
b cbc
c oclcrpl
d u
e ncip
f 19
g y-gencatlg
942 ## - ADDED ENTRY ELEMENTS (KOHA)
Source of classification or shelving scheme Dewey Decimal Classification
Koha item type Books
Holdings
Withdrawn status Lost status Source of classification or shelving scheme Damaged status Not for loan Collection code Home library Current library Shelving location Date acquired Source of acquisition Total Checkouts Full call number Barcode Date last seen Copy number Price effective from Koha item type Public note
    Dewey Decimal Classification   Not For Loan Non-fiction Asiatic Society Library Asiatic Society Library General Stacks 02/01/2021 ASB Collection   327.54 LAC 105145 02/01/2021 C-1 02/01/2021 Books RARE

Powered by Koha